[Event "DVM U10 2023"]
[Site "Magdeburg GER"]
[Date "2023.12.28"]
[Round "5"]
[White "Faisz, David"]
[Black "Rose, Elias Bernd"]
[Result "0-1"]
[Termination "normal"]
[Board "13.3"]
[WhiteElo "1112"]
[BlackElo "1150"]
[WhiteClock "00:44:56"]
[BlackClock "00:45:16"]
[WhiteTeam "SK 1926 Ettlingen"]
[BlackTeam "SG Leipzig"]
[PlyCount "56"]
[WhiteFideId "34650989"]
[BlackFideId "34665730"]
[EventCountry "GER"]
[EventRounds "7"]
[EventType "team-swiss"]
[EventDate "2023.12.27"]

1. e4 {[%clk 00:55:07]} e6 {[%clk 00:54:39]} {[%emt 00:00:34]} 2. d4 {[%clk
00:55:06]} {[%emt 00:00:05]} d5 {[%clk 00:54:39]} {[%emt 00:00:06]} 3. exd5
{[%clk 00:55:08]} {[%emt 00:00:03]} exd5 {[%clk 00:54:39]} {[%emt 00:00:06]} 4.
Nf3 {[%clk 00:55:02]} {[%emt 00:00:10]} Bd6 {[%clk 00:54:36]} {[%emt 00:00:08]}
5. Bd3 {[%clk 00:54:55]} {[%emt 00:00:12]} Be6 {[%clk 00:54:25]} {[%emt
00:00:16]} 6. O-O {[%clk 00:54:52]} {[%emt 00:00:08]} Nf6 {[%clk 00:54:19]}
{[%emt 00:00:11]} 7. Bg5 {[%clk 00:54:50]} {[%emt 00:00:08]} h6 {[%clk
00:54:13]} {[%emt 00:00:10]} 8. Bh4 {[%clk 00:54:44]} {[%emt 00:00:11]} O-O
{[%clk 00:54:03]} {[%emt 00:00:15]} 9. Nbd2 {[%clk 00:54:36]} {[%emt 00:00:14]}
Nbd7 {[%clk 00:54:01]} {[%emt 00:00:07]} 10. Re1 {[%clk 00:54:22]} {[%emt
00:00:19]} c5 {[%clk 00:53:55]} {[%emt 00:00:11]} 11. c3 {[%clk 00:54:01]}
{[%emt 00:00:24]} Qb6 {[%clk 00:53:47]} {[%emt 00:00:14]} 12. Rb1 {[%clk
00:53:47]} {[%emt 00:00:19]} Rae8 {[%clk 00:53:31]} {[%emt 00:00:22]} 13. Qc2
{[%clk 00:52:26]} {[%emt 00:01:25]} Qc7 {[%clk 00:49:48]} {[%emt 00:03:48]} 14.
c4 {[%clk 00:51:34]} {[%emt 00:00:57]} cxd4 {[%clk 00:48:54]} {[%emt 00:00:59]}
15. Nxd4 {[%clk 00:50:04]} {[%emt 00:01:34]} dxc4 {[%clk 00:48:47]} {[%emt
00:00:13]} 16. Bxc4 {[%clk 00:49:41]} {[%emt 00:00:27]} Bxc4 {[%clk 00:48:15]}
{[%emt 00:00:38]} 17. Qxc4 {[%clk 00:49:15]} {[%emt 00:00:31]} Bxh2+ {[%clk
00:48:01]} {[%emt 00:00:19]} 18. Kh1 {[%clk 00:48:56]} {[%emt 00:00:24]} Qxc4
{[%clk 00:47:41]} {[%emt 00:00:25]} 19. Nxc4 {[%clk 00:48:50]} {[%emt
00:00:11]} Rxe1+ {[%clk 00:47:40]} {[%emt 00:00:06]} 20. Rxe1 {[%emt 00:00:28]}
Bc7 {[%clk 00:47:24]} {[%emt 00:00:09]} 21. Re7 {[%clk 00:48:19]} {[%emt
00:00:26]} g5 {[%clk 00:46:30]} {[%emt 00:00:58]} 22. Bg3 {[%clk 00:48:06]}
{[%emt 00:00:16]} Bxg3 {[%clk 00:46:29]} {[%emt 00:00:07]} 23. fxg3 {[%clk
00:48:01]} {[%emt 00:00:10]} Rc8 {[%clk 00:46:01]} {[%emt 00:00:34]} 24. Nd6
{[%clk 00:47:37]} {[%emt 00:00:29]} Rc1+ {[%clk 00:45:33]} {[%emt 00:00:33]}
25. Kh2 {[%clk 00:47:34]} {[%emt 00:00:08]} Ng4+ {[%clk 00:45:26]} {[%emt
00:00:12]} 26. Kh3 {[%clk 00:47:20]} {[%emt 00:00:19]} Ndf6 {[%clk 00:45:21]}
{[%emt 00:00:10]} 27. Nf3 {[%clk 00:45:07]} {[%emt 00:02:18]} Rh1+ {[%clk
00:45:16]} {[%emt 00:00:10]} 28. Nh2 {[%clk 00:44:56]} {[%emt 00:00:16]} Rxh2#
{[%emt 00:00:19]} 0-1

[Event "DVM U10 2023"]
[Site "Magdeburg GER"]
[Date "2023.12.28"]
[Round "5"]
[White "Rose, Malina Rita"]
[Black "Wehr, Adrian"]
[Result "1-0"]
[Termination "normal"]
[Board "13.4"]
[WhiteElo "1084"]
[BlackElo "814"]
[WhiteClock "00:30:56"]
[BlackClock "00:38:00"]
[WhiteTeam "SG Leipzig"]
[BlackTeam "SK 1926 Ettlingen"]
[PlyCount "83"]
[WhiteFideId "34665749"]
[BlackFideId "34686037"]
[EventCountry "GER"]
[EventRounds "7"]
[EventType "team-swiss"]
[EventDate "2023.12.27"]

1. d4 {[%emt 00:00:15]} d5 {[%clk 00:54:57]} 2. c4 {[%clk 00:55:04]} {[%emt
00:00:10]} e6 {[%clk 00:54:58]} {[%emt 00:00:03]} 3. Nc3 {[%clk 00:54:50]}
{[%emt 00:00:20]} Nf6 {[%clk 00:54:51]} {[%emt 00:00:11]} 4. Nf3 {[%clk
00:54:27]} {[%emt 00:00:28]} Be7 {[%clk 00:54:42]} {[%emt 00:00:15]} 5. Bf4
{[%clk 00:54:04]} {[%emt 00:00:28]} O-O {[%clk 00:54:15]} {[%emt 00:00:32]} 6.
Nb5 {[%clk 00:53:57]} {[%emt 00:00:12]} b6 {[%clk 00:54:04]} {[%emt 00:00:17]}
7. Nxc7 {[%clk 00:53:40]} {[%emt 00:00:21]} Bb7 {[%clk 00:53:41]} {[%emt
00:00:27]} 8. Nxa8 {[%clk 00:53:31]} {[%emt 00:00:14]} Bxa8 {[%clk 00:53:33]}
{[%emt 00:00:14]} 9. e3 {[%clk 00:53:12]} {[%emt 00:00:24]} Nbd7 {[%clk
00:52:57]} {[%emt 00:00:18]} 10. Be5 {[%clk 00:53:15]} {[%emt 00:00:25]} Ne4
{[%clk 00:52:37]} {[%emt 00:00:24]} 11. Bd3 {[%clk 00:52:34]} {[%emt 00:00:46]}
dxc4 {[%clk 00:52:13]} {[%emt 00:00:29]} 12. Bxc4 {[%clk 00:50:37]} {[%emt
00:02:02]} Bb4+ {[%clk 00:51:28]} {[%emt 00:00:50]} 13. Ke2 {[%clk 00:49:49]}
{[%emt 00:00:54]} f6 {[%clk 00:50:06]} {[%emt 00:01:27]} 14. Bg3 {[%clk
00:49:01]} {[%emt 00:00:53]} Bc6 {[%clk 00:49:03]} {[%emt 00:02:06]} 15. Bxe6+
{[%clk 00:48:09]} {[%emt 00:00:46]} Kh8 {[%clk 00:48:56]} {[%emt 00:00:12]} 16.
Bxd7 {[%clk 00:47:40]} {[%emt 00:00:35]} Qxd7 {[%clk 00:48:23]} {[%emt
00:00:37]} 17. a3 {[%clk 00:47:09]} {[%emt 00:00:38]} Bd6 {[%clk 00:48:15]}
{[%emt 00:00:13]} 18. Bxd6 {[%clk 00:46:44]} {[%emt 00:00:29]} Qxd6 {[%clk
00:47:44]} {[%emt 00:00:04]} 19. a4 {[%clk 00:46:10]} {[%emt 00:01:11]} b5
{[%clk 00:47:38]} {[%emt 00:00:12]} 20. a5 {[%clk 00:44:07]} {[%emt 00:02:08]}
a6 {[%clk 00:47:17]} {[%emt 00:00:25]} 21. Rb1 {[%clk 00:41:24]} {[%emt
00:02:48]} b4 {[%clk 00:46:45]} {[%emt 00:00:38]} 22. b3 {[%clk 00:40:24]}
{[%emt 00:01:05]} Bb5+ {[%clk 00:46:38]} {[%emt 00:00:12]} 23. Ke1 {[%clk
00:40:15]} {[%emt 00:00:13]} Nc3 {[%clk 00:46:15]} {[%emt 00:00:28]} 24. Qc2
{[%clk 00:38:50]} {[%emt 00:01:30]} Rc8 {[%clk 00:45:53]} {[%emt 00:00:27]} 25.
Rb2 {[%clk 00:37:54]} {[%emt 00:01:01]} Qd7 {[%clk 00:45:13]} {[%emt 00:00:44]}
26. Qd2 {[%clk 00:36:25]} {[%emt 00:01:35]} Ne4 {[%clk 00:44:53]} {[%emt
00:00:26]} 27. Qd1 {[%clk 00:35:54]} {[%emt 00:00:36]} Rc7 {[%clk 00:44:34]}
{[%emt 00:00:24]} 28. Rc2 {[%clk 00:35:14]} {[%emt 00:00:44]} Nc3 {[%clk
00:44:03]} {[%emt 00:00:37]} 29. Qd2 {[%clk 00:34:45]} {[%emt 00:00:34]} Nb1
{[%clk 00:43:32]} {[%emt 00:00:35]} 30. Rxc7 {[%clk 00:34:27]} {[%emt
00:00:23]} Qxc7 {[%clk 00:43:11]} {[%emt 00:00:28]} 31. Qb2 {[%clk 00:33:44]}
{[%emt 00:00:47]} Qc3+ {[%clk 00:42:30]} {[%emt 00:00:46]} 32. Qxc3 {[%clk
00:33:25]} {[%emt 00:00:24]} bxc3 {[%clk 00:41:57]} {[%emt 00:00:38]} 33. Kd1
{[%clk 00:33:14]} {[%emt 00:00:16]} Bd3 {[%clk 00:41:16]} {[%emt 00:00:45]} 34.
Kc1 {[%clk 00:32:55]} {[%emt 00:00:24]} c2 {[%clk 00:40:30]} {[%emt 00:00:51]}
35. d5 {[%clk 00:32:38]} {[%emt 00:00:23]} Kg8 {[%clk 00:40:10]} {[%emt
00:00:20]} 36. Ne1 {[%clk 00:31:43]} {[%emt 00:01:04]} Be4 {[%emt 00:00:17]}
37. Nxc2 {[%clk 00:31:29]} {[%emt 00:00:18]} Bxd5 {[%clk 00:39:20]} {[%emt
00:00:44]} 38. Kb2 {[%clk 00:31:18]} {[%emt 00:00:16]} Nd2 {[%clk 00:39:14]}
{[%emt 00:00:12]} 39. Rd1 {[%emt 00:00:38]} Nc4+ {[%clk 00:38:54]} 40. bxc4
{[%clk 00:31:02]} {[%emt 00:00:11]} Kh8 {[%emt 00:00:22]} 41. Rxd5 {[%emt
00:00:23]} f5 {[%clk 00:38:00]} {[%emt 00:00:15]} 42. Rd8# {[%clk 00:30:56]}
{[%emt 00:00:11]} 1-0

[Event "DVM U10 2023"]
[Site "Magdeburg GER"]
[Date "2023.12.28"]
[Round "5"]
[White "Meyer, Lönne"]
[Black "El-Issa, Erik"]
[Result "1/2-1/2"]
[Termination "normal"]
[Board "14.2"]
[WhiteElo "1057"]
[BlackElo "1143"]
[WhiteClock "00:45:42"]
[BlackClock "00:47:02"]
[WhiteTeam "SC Aurich"]
[BlackTeam "USV Potsdam"]
[PlyCount "62"]
[WhiteFideId "34674241"]
[EventCountry "GER"]
[EventRounds "7"]
[EventType "team-swiss"]
[EventDate "2023.12.27"]

1. d4 {[%clk 00:55:06]} {[%emt 00:00:03]} d5 {[%clk 00:55:02]} {[%emt
00:00:08]} 2. Nc3 {[%clk 00:55:00]} {[%emt 00:00:11]} Nf6 {[%clk 00:55:01]}
{[%emt 00:00:07]} 3. Bf4 {[%clk 00:54:50]} {[%emt 00:00:14]} Nc6 {[%clk
00:54:44]} {[%emt 00:00:23]} 4. Nb5 {[%clk 00:54:26]} {[%emt 00:00:29]} e5
{[%clk 00:54:27]} {[%emt 00:00:20]} 5. dxe5 {[%clk 00:54:21]} {[%emt 00:00:09]}
Nh5 {[%clk 00:54:25]} {[%emt 00:00:09]} 6. e3 {[%clk 00:53:20]} {[%emt
00:01:06]} Nxf4 {[%emt 00:00:09]} 7. exf4 {[%emt 00:00:09]} a6 {[%clk
00:54:03]} {[%emt 00:00:10]} 8. Nc3 {[%clk 00:53:00]} {[%emt 00:00:24]} Bb4
{[%clk 00:54:00]} {[%emt 00:00:09]} 9. a3 {[%clk 00:52:07]} {[%emt 00:00:57]}
Ba5 {[%clk 00:53:58]} {[%emt 00:00:08]} 10. b4 {[%clk 00:51:33]} {[%emt
00:00:37]} Nxb4 {[%clk 00:53:47]} {[%emt 00:00:17]} 11. axb4 {[%clk 00:51:22]}
{[%emt 00:00:16]} Bxb4 {[%clk 00:53:42]} {[%emt 00:00:10]} 12. Qd4 {[%clk
00:50:47]} {[%emt 00:00:39]} c5 {[%clk 00:52:53]} {[%emt 00:00:56]} 13. Qd3
{[%clk 00:50:23]} {[%emt 00:00:24]} d4 {[%clk 00:52:51]} {[%emt 00:00:11]} 14.
Nge2 {[%clk 00:49:54]} {[%emt 00:00:34]} O-O {[%clk 00:52:13]} {[%emt
00:00:44]} 15. Rd1 {[%clk 00:49:27]} {[%emt 00:00:30]} Bg4 {[%clk 00:51:34]}
{[%emt 00:00:45]} 16. f3 {[%clk 00:48:31]} {[%emt 00:01:01]} Bh5 {[%emt
00:00:20]} 17. Kf2 {[%emt 00:00:33]} dxc3 {[%clk 00:50:31]} {[%emt 00:00:16]}
18. Nxc3 {[%clk 00:48:13]} {[%emt 00:00:21]} Qxd3 {[%clk 00:50:21]} {[%emt
00:00:16]} 19. Rxd3 {[%clk 00:48:09]} {[%emt 00:00:09]} Bg6 {[%clk 00:50:17]}
{[%emt 00:00:09]} 20. Re3 {[%clk 00:47:56]} {[%emt 00:00:17]} c4 {[%clk
00:49:51]} {[%emt 00:00:33]} 21. Nd5 {[%clk 00:47:47]} {[%emt 00:00:13]} Bc5
{[%emt 00:00:50]} 22. Bxc4 {[%clk 00:47:17]} {[%emt 00:00:01]} Bxe3+ {[%clk
00:49:36]} {[%emt 00:00:08]} 23. Kxe3 {[%clk 00:47:09]} {[%emt 00:00:13]} Rfe8
{[%clk 00:49:04]} {[%emt 00:00:37]} 24. Nc7 {[%clk 00:46:47]} {[%emt 00:00:28]}
Bxc2 {[%clk 00:48:51]} {[%emt 00:00:18]} 25. Nxa8 {[%clk 00:46:32]} {[%emt
00:00:20]} Rxa8 {[%clk 00:48:50]} {[%emt 00:00:06]} 26. Rc1 {[%clk 00:46:18]}
{[%emt 00:00:17]} Bg6 {[%emt 00:00:21]} 27. g4 {[%emt 00:00:24]} h6 {[%clk
00:47:58]} {[%emt 00:00:14]} 28. f5 {[%clk 00:46:11]} {[%emt 00:00:12]} Bh7
{[%clk 00:47:50]} {[%emt 00:00:13]} 29. h4 {[%clk 00:45:56]} {[%emt 00:00:20]}
a5 {[%clk 00:47:32]} {[%emt 00:00:23]} 30. Bd5 {[%clk 00:45:47]} {[%emt
00:00:13]} Rb8 {[%clk 00:47:14]} {[%emt 00:00:25]} 31. Ra1 {[%clk 00:45:42]}
{[%emt 00:00:09]} b6 {[%clk 00:47:02]} {[%emt 00:00:18]} 1/2-1/2

[Event "DVM U10 2023"]
[Site "Magdeburg GER"]
[Date "2023.12.28"]
[Round "5"]
[White "Golnik, Rasmus"]
[Black "Wilting, Oskar"]
[Result "0-1"]
[Termination "normal"]
[Board "14.3"]
[WhiteElo "1006"]
[BlackElo "1161"]
[WhiteClock "00:29:29"]
[BlackClock "00:03:58"]
[WhiteTeam "USV Potsdam"]
[BlackTeam "SC Aurich"]
[PlyCount "116"]
[BlackFideId "34640053"]
[EventCountry "GER"]
[EventRounds "7"]
[EventType "team-swiss"]
[EventDate "2023.12.27"]

1. e4 {[%clk 00:55:08]} c5 {[%clk 00:55:03]} {[%emt 00:00:07]} 2. Nf3 {[%clk
00:55:08]} {[%emt 00:00:06]} e6 {[%clk 00:55:00]} {[%emt 00:00:08]} 3. Nc3
{[%clk 00:54:56]} {[%emt 00:00:17]} a6 {[%clk 00:54:52]} {[%emt 00:00:13]} 4.
d4 {[%clk 00:54:47]} {[%emt 00:00:14]} cxd4 {[%clk 00:54:43]} {[%emt 00:00:13]}
5. Nxd4 {[%clk 00:54:50]} {[%emt 00:00:02]} Qc7 {[%clk 00:54:29]} {[%emt
00:00:19]} 6. Be3 {[%clk 00:54:21]} {[%emt 00:00:32]} Nf6 {[%clk 00:53:57]}
{[%emt 00:00:39]} 7. Be2 {[%clk 00:53:50]} {[%emt 00:00:38]} Bb4 {[%clk
00:53:27]} {[%emt 00:00:34]} 8. Bd2 {[%clk 00:53:40]} {[%emt 00:00:15]} Bxc3
{[%clk 00:52:38]} {[%emt 00:00:53]} 9. Bxc3 {[%clk 00:53:37]} {[%emt 00:00:10]}
Nxe4 {[%clk 00:52:13]} {[%emt 00:00:29]} 10. Bd2 {[%clk 00:53:29]} {[%emt
00:00:13]} Qb6 {[%clk 00:49:27]} {[%emt 00:02:50]} 11. Be3 {[%clk 00:52:35]}
{[%emt 00:01:01]} Qb4+ {[%clk 00:46:01]} {[%emt 00:03:30]} 12. c3 {[%clk
00:51:50]} {[%emt 00:00:51]} Qxb2 {[%clk 00:41:59]} {[%emt 00:04:06]} 13. O-O
{[%clk 00:51:04]} {[%emt 00:00:50]} Nxc3 {[%clk 00:40:52]} {[%emt 00:01:13]}
14. Qd3 {[%clk 00:49:51]} {[%emt 00:01:18]} Nc6 {[%clk 00:35:55]} {[%emt
00:05:01]} 15. Bd2 {[%clk 00:49:06]} {[%emt 00:00:51]} Nxd4 {[%clk 00:33:23]}
{[%emt 00:02:37]} 16. Bxc3 {[%clk 00:48:24]} {[%emt 00:00:47]} Nxe2+ {[%clk
00:32:55]} {[%emt 00:00:33]} 17. Kh1 {[%clk 00:48:06]} {[%emt 00:00:24]} Nxc3
{[%emt 00:00:33]} 18. Qd4 {[%clk 00:47:05]} {[%emt 00:01:02]} O-O {[%clk
00:30:09]} {[%emt 00:02:26]} 19. Rfb1 {[%clk 00:46:26]} {[%emt 00:00:44]} Qa3
{[%clk 00:26:27]} {[%emt 00:03:46]} 20. Rb3 {[%clk 00:46:16]} {[%emt 00:00:16]}
Ne2 {[%clk 00:24:26]} {[%emt 00:02:06]} 21. Qd2 {[%clk 00:45:33]} {[%emt
00:00:48]} Qa4 {[%clk 00:20:26]} {[%emt 00:04:05]} 22. Qxe2 {[%clk 00:45:26]}
{[%emt 00:00:12]} Qd4 {[%clk 00:19:06]} {[%emt 00:01:24]} 23. Rf1 {[%clk
00:44:43]} {[%emt 00:00:44]} b5 {[%clk 00:18:24]} {[%emt 00:00:52]} 24. Qf3
{[%clk 00:44:15]} {[%emt 00:00:33]} Qd5 {[%clk 00:17:32]} {[%emt 00:00:57]} 25.
Qg4 {[%clk 00:43:49]} {[%emt 00:00:31]} Qf5 {[%clk 00:16:25]} {[%emt 00:01:12]}
26. Qh4 {[%clk 00:43:36]} {[%emt 00:00:19]} Bb7 {[%clk 00:15:25]} {[%emt
00:01:03]} 27. Qg3 {[%clk 00:43:03]} {[%emt 00:00:40]} Qg6 {[%clk 00:14:38]}
{[%emt 00:00:51]} 28. Qh3 {[%clk 00:42:08]} {[%emt 00:01:00]} Rac8 {[%clk
00:13:35]} {[%emt 00:01:08]} 29. Rg3 {[%clk 00:41:36]} {[%emt 00:00:37]} Qf6
{[%clk 00:10:50]} {[%emt 00:02:50]} 30. Qh5 {[%clk 00:41:06]} {[%emt 00:00:36]}
g6 {[%clk 00:08:07]} {[%emt 00:02:48]} 31. Qh6 {[%clk 00:40:39]} {[%emt
00:00:31]} Qg7 {[%clk 00:07:59]} {[%emt 00:00:13]} 32. Qh4 {[%clk 00:40:10]}
{[%emt 00:00:30]} Rc4 {[%clk 00:06:48]} {[%emt 00:01:20]} 33. Qe7 {[%clk
00:39:25]} {[%emt 00:00:50]} Rfc8 {[%clk 00:05:47]} {[%emt 00:01:05]} 34. Qxd7
{[%clk 00:38:52]} {[%emt 00:00:39]} Rc1 {[%clk 00:05:33]} {[%emt 00:00:19]} 35.
Kg1 {[%clk 00:38:42]} {[%emt 00:00:16]} Rxf1+ {[%clk 00:04:11]} {[%emt
00:01:27]} 36. Kxf1 {[%clk 00:38:36]} {[%emt 00:00:10]} Qa1+ {[%clk 00:03:58]}
{[%emt 00:00:18]} 37. Ke2 {[%clk 00:38:34]} {[%emt 00:00:07]} Qxa2+ {[%clk
00:03:57]} {[%emt 00:00:06]} 38. Kd1 {[%clk 00:37:39]} {[%emt 00:01:00]} Qd5+
{[%clk 00:03:57]} {[%emt 00:00:05]} 39. Qxd5 {[%clk 00:37:30]} {[%emt
00:00:14]} Bxd5 {[%clk 00:03:59]} {[%emt 00:00:03]} 40. Ra3 {[%clk 00:37:05]}
{[%emt 00:00:30]} Rc6 {[%clk 00:03:59]} {[%emt 00:00:05]} 41. Kd2 {[%clk
00:36:55]} {[%emt 00:00:15]} Bxg2 {[%emt 00:00:12]} 42. Ke3 {[%clk 00:36:38]}
{[%emt 00:00:12]} b4 {[%clk 00:04:04]} {[%emt 00:00:04]} 43. Rb3 {[%clk
00:36:21]} {[%emt 00:00:22]} a5 {[%clk 00:04:07]} {[%emt 00:00:02]} 44. Kd4
{[%clk 00:35:52]} {[%emt 00:00:33]} Bd5 {[%clk 00:04:09]} {[%emt 00:00:04]} 45.
Rb2 {[%clk 00:33:12]} {[%emt 00:02:44]} b3 {[%clk 00:04:11]} {[%emt 00:00:03]}
46. Kd3 {[%clk 00:32:21]} {[%emt 00:00:55]} a4 {[%clk 00:04:14]} {[%emt
00:00:04]} 47. Kd4 {[%clk 00:32:00]} {[%emt 00:00:25]} a3 {[%clk 00:04:17]}
{[%emt 00:00:02]} 48. Rxb3 {[%clk 00:31:48]} {[%emt 00:00:18]} Bxb3 {[%clk
00:04:20]} {[%emt 00:00:02]} 49. Kd3 {[%clk 00:31:25]} {[%emt 00:00:27]} a2
{[%clk 00:04:24]} {[%emt 00:00:02]} 50. Kd2 {[%clk 00:31:13]} {[%emt 00:00:16]}
a1=Q {[%clk 00:04:25]} {[%emt 00:00:04]} 51. Kd3 {[%clk 00:31:05]} {[%emt
00:00:13]} Qd1+ {[%clk 00:04:27]} {[%emt 00:00:03]} 52. Ke4 {[%clk 00:30:57]}
{[%emt 00:00:13]} Rc2 {[%clk 00:04:28]} {[%emt 00:00:05]} 53. Ke5 {[%clk
00:30:40]} {[%emt 00:00:22]} Re2+ {[%clk 00:04:30]} {[%emt 00:00:03]} 54. Kf6
{[%clk 00:30:26]} {[%emt 00:00:18]} Qd4+ {[%clk 00:04:26]} {[%emt 00:00:09]}
55. Ke7 {[%clk 00:30:23]} {[%emt 00:00:08]} Rc2 {[%clk 00:04:19]} {[%emt
00:00:12]} 56. Ke8 {[%clk 00:30:04]} {[%emt 00:00:25]} Kg7 {[%clk 00:04:06]}
{[%emt 00:00:17]} 57. Ke7 {[%clk 00:29:44]} {[%emt 00:00:25]} Rc7+ {[%clk
00:04:02]} {[%emt 00:00:09]} 58. Ke8 {[%clk 00:29:29]} {[%emt 00:00:20]} Qd7#
{[%clk 00:03:58]} {[%emt 00:00:03]} 0-1